[Event "BdF-Diamant 08 email"]
[White "Bondars, Rolands"]
[Black "Hausdorf, Heinz"]
[Site "GER email"]
[Round "?"]
[Result "1/2-1/2"]
[Date "2017.06.26"]
[WhiteElo "2310"]
[BlackElo "2307"]
[PlyCount "71"]
[EventDate "2017.??.??"]
[EventType "tourn (corr)"]
[EventRounds "10"]
[EventCountry "GER"]
[SourceTitle "Corr 2020"]
[Source "ChessBase"]
[SourceDate "2019.09.30"]
[SourceVersion "1"]
[SourceVersionDate "2019.09.30"]
[SourceQuality "1"]

1. e4 c5 2. Nf3 d6 3. d4 cxd4 4. Nxd4 Nf6 5. Nc3 a6 6. Be3 e6 7. Be2 Qc7 8. Qd2 b5 9. f3 Be7 10. g4 Bb7 11. a3 Nc6 12. 0-0-0 Nxd4 13. Qxd4 0-0 14. g5 Nh5 15. Kb1 Rac8 16. Rhe1 g6 17. h4 Rfe8 18. Qa7 Ra8 19. Qb6 Qxb6 20. Bxb6 f6 21. Be3 f5 22. Bd3 d5 23. exf5 exf5 24. a4 bxa4 25. Nxa4 Bd6 26. Bd4 Nf4 27. Rxe8+ Rxe8 28. Nc5 Bxc5 29. Bxc5 Nxd3 30. Rxd3 Re1+ 31. Ka2 Bc6 32. Rc3 Bd7 33. f4 Kf7 34. Re3 Rxe3 35. Bxe3 Ba4 36. b3 1/2-1/2

[Event "BdF-Diamant 08 email"]
[White "Bondars, Rolands"]
[Black "Molzahn, Norbert"]
[Site "GER email"]
[Round "?"]
[Result "1/2-1/2"]
[Date "2017.06.26"]
[WhiteElo "2310"]
[BlackElo "2300"]
[PlyCount "57"]
[EventDate "2017.??.??"]
[EventType "tourn (corr)"]
[EventRounds "10"]
[EventCountry "GER"]
[SourceTitle "Corr 2020"]
[Source "ChessBase"]
[SourceDate "2019.09.30"]
[SourceVersion "1"]
[SourceVersionDate "2019.09.30"]
[SourceQuality "1"]

1. e4 c5 2. Nf3 Nc6 3. Bb5 g6 4. 0-0 Bg7 5. Nc3 Nf6 6. e5 Ng4 7. Bxc6 dxc6 8. Re1 0-0 9. d3 Nh6 10. Ne4 b6 11. Bf4 Nf5 12. c3 Ba6 13. d4 cxd4 14. cxd4 f6 15. Nc3 Bc4 16. b3 Bd5 17. Nxd5 Qxd5 18. Qc2 Nxd4 19. Nxd4 Qxd4 20. g3 Rfd8 21. exf6 Bxf6 22. Rad1 Qc5 23. Qe4 Kg7 24. Qe6 Qf5 25. Qxc6 Qg4 26. Rxd8 Rxd8 27. h4 h5 28. Kg2 Qf5 29. Qe4 1/2-1/2

[Event "BdF-Diamant 08 email"]
[White "Walka, Wolfram"]
[Black "Bondars, Rolands"]
[Site "GER email"]
[Round "?"]
[Result "1/2-1/2"]
[Date "2017.06.26"]
[WhiteElo "2295"]
[BlackElo "2310"]
[PlyCount "59"]
[EventDate "2017.??.??"]
[EventType "tourn (corr)"]
[EventRounds "10"]
[EventCountry "GER"]
[SourceTitle "Corr 2020"]
[Source "ChessBase"]
[SourceDate "2019.09.30"]
[SourceVersion "1"]
[SourceVersionDate "2019.09.30"]
[SourceQuality "1"]

1. d4 f5 2. g3 Nf6 3. Nf3 g6 4. Bg2 Bg7 5. 0-0 0-0 6. b3 Ne4 7. Bb2 b6 8. Nbd2 d5 9. Ne5 Bb7 10. c4 Na6 11. cxd5 Qxd5 12. f4 c5 13. Nxe4 fxe4 14. dxc5 Qxc5+ 15. Bd4 Qd5 16. Rc1 Rac8 17. e3 Bxe5 18. Bxe5 Nb4 19. Bh3 Rxc1 20. Qxd5+ Bxd5 21. Rxc1 Nxa2 22. Rc7 Bxb3 23. Rxa7 Rd8 24. Bd4 Nc1 25. Rxe7 Ne2+ 26. Kf2 Nxd4 27. exd4 Rxd4 28. Ke3 Rd1 29. Be6+ Bxe6 30. Rxe6 1/2-1/2